Pink disease of rubber caused by Pellicularia Salmonicolor (Berk. and Br) Dastur (Corticium salmonicolor) (Berk and Br) (Record no. 65056)

MARC details
000 -LEADER
fixed length control field 00477nam a2200157Ia 4500
100 ## - MAIN ENTRY--AUTHOR NAME
Personal name Ramakrishnan T S
245 #0 - TITLE STATEMENT
Title Pink disease of rubber caused by Pellicularia Salmonicolor (Berk. and Br) Dastur (Corticium salmonicolor) (Berk and Br)
260 ## - PUBLICATION, DISTRIBUTION, ETC. (IMPRINT)
Name of publisher Rubber Board Bulletin
Year of publication 1962
300 ## - PHYSICAL DESCRIPTION
Number of Pages 120-126
650 ## - SUBJECT ADDED ENTRY--TOPICAL TERM
Topical Term Disease control
650 ## - SUBJECT ADDED ENTRY--TOPICAL TERM
Topical Term Pink disease
650 ## - SUBJECT ADDED ENTRY--TOPICAL TERM
Topical Term Rubber
700 ## - ADDED ENTRY--PERSONAL NAME
Personal name Pillai P N R
942 ## - ADDED ENTRY ELEMENTS (KOHA)
Koha item type Journals
Holdings
Withdrawn status Lost status Damaged status Not for loan Home library Current library Shelving location Date acquired Serial Enumeration / chronology Koha item type
      Journals RRII Library RRII Library Pathology 17/12/2021 Volume 5, Issue 3 Journals